000 00733nam a2200217 a 4500
001 46074
003 BD-RjUL
005 20211209054114.0
008 160730s1954 enka b 001 0 eng d
035 _a(BD-RjUL)46192
040 _aNUN
_beng
_cNUN
_dBD-RjUL
041 _aeng
082 0 4 _a371.214
_223
_bDAF 1954
100 1 _aDale, Reginald Rowland.
_9140837
245 1 0 _aFrom school to university :
_ba study, with special reference to university entrance /
_cby R.R. Dale.
260 _aLondon :
_bRoutledge,
_c1954.
300 _axi, 258 p. :
_bill. ;
_c22 cm.
504 _aIncludes index and Bibliography: p. 240-246.
650 0 _aUniversities and colleges
_zGreat Britain
_xEntrance requirements.
_9140838
942 _2ddc
_cBK
999 _c46074
_d46074